Antología

Guardado en:
Bibliografiske detaljer
Hovedforfatter: Molina, Juan Ramón
Format: Bog
Sprog:Undetermined
Udgivet: San Salvador, El Salvador Ministerio de Cultura 1959
Fag:
Tags: Tilføj Tag
Ingen Tags, Vær først til at tagge denne postø!

MARC

LEADER 00000nam a2200000Ia 4500
008 170316s9999 xx 000 0 und d
040 |a cru BVZT 
090 |a 860 M-29a 
100 |a Molina, Juan Ramón 
245 |a Antología 
260 |a San Salvador, El Salvador 
260 |b Ministerio de Cultura 
260 |c 1959 
300 |a 238 páginas 
650 |a LITERATURA LATINOAMERICANA 
999 |c 8944  |d 8944 
942 |c 15 D  |h 860 M-29a  |2 z